000 02579cam a2200505 i 4500
001 data
005 20260322212121.0
008 data
035 _a22386938
906 _a7
_bcbc
_ccopycat
_d2
_eepcn
_f20
_gy-gencatlg
925 0 _aacquire
_b1 shelf copy
_xpolicy default
010 _a 2022930789
015 _aGBC279177
_2bnb
016 7 _a020574319
_2Uk
020 _a0789339749
_q(hardcover)
020 _a9780789339744
_q(hardcover)
035 _a(OCoLC)1262799191
040 _aYDX
_beng
_erda
_cYDX
_dDLC
_dUKMGB
_dOCLCF
_dSAP
_dNYP
_dOCLCO
_dPUL
_dOCLCL
_dDLC
042 _alccopycat
050 0 0 _aG151
_b.M55 2022
082 0 4 _a910.92
_223
100 1 _aMikati, Mira,
_eauthor.
245 1 0 _aColorful world /
_cMIra Mikati.
250 _aFirst edition.
264 1 _aNew York :
_bRizzoli International Publications, Inc.,
_c[2022]
264 4 _c©2022
300 _a198 pages :
_bchiefly color illustrations ;
_c26 cm
336 _atext
_btxt
_2rdacontent
336 _astill image
_bsti
_2rdacontent
337 _aunmediated
_bn
_2rdamedia
338 _avolume
_bnc
_2rdacarrier
520 _a"Spectacularly colorful and packed with joie de vivre, this romp through 50 of the most colorful places on earth--from Greece to Japan, Indonesia to Italy--delivers a jolt of optimism and enthusiasm. From the Zhangye Danxia landform in Gansu, China, to the rainbow mountain in the Peruvian Andes, stunning photographs are paired with inspirational quotes from Mikati, whose enthusiasm for travel is intoxi-cating. Driven by her unabashedly optimistic spirit, Mikati has travelled the globe to gather--in her first book--a plethora of visual wonders: ancient monoliths, scenic islands, stunning artwork, electric cityscapes, white-sand seashores, ancient cobbled streets, and both classic and innovative architecture. The infectious, whimsical spirit that carries throughout these pages is reflective of Mikati's own ultra-upbeat outlook on life."--
_cAmazon.com.
600 1 0 _aMikati, Mira
_xTravel.
650 0 _aTravel.
650 0 _aTravelers' writings.
650 6 _aVoyage.
650 6 _aÉcrits de voyageurs.
650 7 _atravel.
_2aat
650 7 _atravel literature.
_2aat
650 7 _aTravel
_2fast
650 7 _aTravelers' writings
_2fast
758 _ihas work:
_aColorful world (Text)
_1https://id.oclc.org/worldcat/entity/E39PCGBxHvrJdGPRgtWp93MPFC
_4https://id.oclc.org/worldcat/ontology/hasWork
999 _c1850
_d1850